000 00537nam a2200181 i 4500
001 19489
003 ES-MaACL
005 20260115063023.0
007 t|
008 021001s1966 gw ||||1| ger d
100 1 _aAabye, Karen
_917887
245 1 0 _aWir die das Leben lieben
_b: Roman Trilogie in einem Band /
_cKaren Aabye.
260 _a[Hamburg] :
_bBertelsmann,
_c[1966] (
_eBarcelona :
_fKarl Hartig)
300 _a474 p. ;
_c21 cm.
852 _aES-MaACL
_jC-30498
_bR.60883
942 _2udc
999 _c19489
_d19489